Genesis y desarrollo del Voluntarismo Jurìdico (Record no. 4117)
[ view plain ]
| 000 -CABECERA | |
|---|---|
| campo de control de longitud fija | 00517nam a22002057a 4500 |
| 080 ## - NUMERO DE CLASIFICACION DECIMAL UNIVERSAL (CDU) | |
| Número de la Clasificación Decimal Universal | 340.12 G 286 |
| 245 ## - MENCION DE TITULO | |
| Título propiamente dicho | Genesis y desarrollo del Voluntarismo Jurìdico |
| 260 ## - PUBLICACION, DISTRIBUCION, ETC. (PIE DE IMPRENTA) | |
| Lugar de publicación, distribución, etc. | Buenos Aires |
| Nombre del editor, distribuidor, etc. | Ghersi |
| Fecha de publicación, distribución, etc. | 1978 |
| 300 ## - DESCRIPCION FISICA | |
| Extensión | 84 P. |
| 490 ## - MENCION DE SERIE | |
| Mención de serie | Pequeña Biblioteca de Filosofìa del Derecho |
| 650 ## - ASIENTO SECUNDARIO DE MATERIA - TERMINO TEMATICO | |
| Subdivisión general | filosofìa del derecho |
| 650 ## - ASIENTO SECUNDARIO DE MATERIA - TERMINO TEMATICO | |
| Subdivisión general | Suàrez |
| 650 ## - ASIENTO SECUNDARIO DE MATERIA - TERMINO TEMATICO | |
| Subdivisión general | Grotius |
| 650 ## - ASIENTO SECUNDARIO DE MATERIA - TERMINO TEMATICO | |
| Subdivisión general | Hobbes |
| 650 ## - ASIENTO SECUNDARIO DE MATERIA - TERMINO TEMATICO | |
| Subdivisión general | Pufendorf |
| 650 ## - ASIENTO SECUNDARIO DE MATERIA - TERMINO TEMATICO | |
| Subdivisión general | Rousseau |
| 650 ## - ASIENTO SECUNDARIO DE MATERIA - TERMINO TEMATICO | |
| Subdivisión general | contrato social |
| 945 ## - INFORMACION DE PROCESAMIENTO LOCAL | |
| Responsable de carga/modificación | Celeste Delía |
| AAAA-MM-DD - Fecha de ingreso/modificación | 2015-08-21 |
| 942 ## - ELEMENTOS AGREGADOS (KOHA) | |
| Clasificación normalizada de Koha para alfabetizar | _ |
| Retirado | Perdido | Dañado | No se presta | Ubicación permanente | Locación actual | Estante o sala | Fecha de adquisición | Total préstamos | Signatura topográfica | Inventario | Ultima fecha vista | Ultima fecha prestado | Fecha del precio | Tipo de item de Koha |
|---|---|---|---|---|---|---|---|---|---|---|---|---|---|---|
| Bib. Derecho | Bib. Derecho | Sala de Lectura | 21/08/2015 | 1 | 340.12 G 286 | 203152 | 30/10/2017 | 25/10/2017 | 21/08/2015 | LIBRO (Consulta) |
